000 00791nam a2200193Ia 4500
008 151119s9999||||xx |||||||||||||| ||und||
082 _a923.254
082 _bGKKV23660
100 _aसुरवाडे विजय
245 _aडॉ.बाबासाहेब आंबेडकरांची निवडक भाषणे भाग -१
260 _a--
260 _b--
260 _c2002
600 _aसुरवाडे विजय
630 _aडॉ.बाबासाहेब आंबेडकरांची निवडक भाषणे भाग -१
700 _aसुरवाडे विजय
730 _aडॉ.बाबासाहेब आंबेडकरांची निवडक भाषणे भाग -१
942 _cBOOK
999 _c1076293
_d1076290